[Event "Hospitalet de Llobregat op 4th"]
[Site "Hospitalet de Llobregat"]
[Date "2019.04.06"]
[Round "1"]
[White "Cervello Tost, Roger"]
[Black "Garcia Gil, Jose Antonio"]
[Result "1-0"]
[WhiteElo "2060"]
[BlackElo "1599"]
[PlyCount "57"]
[EventDate "2019.04.06"]
[EventType "swiss"]
[EventRounds "9"]
[EventCountry "ESP"]
[SourceTitle "CBM 190 Extra"]
[Source "ChessBase"]
[SourceDate "2019.07.15"]
[SourceVersion "1"]
[SourceVersionDate "2019.07.15"]
[SourceQuality "1"]

1. e4 c6 2. d4 d5 3. Nc3 Nf6 4. e5 Ne4 5. Bd3 Nxc3 6. bxc3 e6 7. f4 Be7 8. Nh3 c5 9. 0-0 Nc6 10. Qg4 g6 11. Be3 h5 12. Qg3 Bh4 13. Qf3 c4 14. Be2 Qa5 15. Bf2 Bxf2+ 16. Rxf2 Ne7 17. Ng5 Nf5 18. Qh3 Rh6 19. Qf3 Nh4 20. Qe3 Nf5 21. Qd2 h4 22. Bg4 Bd7 23. Bxf5 gxf5 24. Rf3 Ke7 25. Rh3 Rg8 26. Qe1 Rgg6 27. Rxh4 Rxh4 28. Qxh4 Qxc3 29. Ne4+ 1-0

[Event "Foment Martinenc op-B 19st"]
[Site "Barcelona"]
[Date "2017.05.20"]
[Round "5.9"]
[White "Garcia Gil, Jose Antonio"]
[Black "Taltavull Hidalgo, Artur"]
[Result "0-1"]
[WhiteElo "1607"]
[BlackElo "1571"]
[PlyCount "96"]
[EventDate "2017.04.22"]
[EventType "swiss"]
[EventRounds "9"]
[EventCountry "ESP"]
[SourceTitle "EXT 2024"]
[Source "ChessBase"]
[SourceDate "2023.10.10"]
[SourceVersion "1"]
[SourceVersionDate "2023.10.10"]
[SourceQuality "1"]

1. d4 Nf6 2. Bg5 Ne4 3. Bh4 g5 4. f3 gxh4 5. fxe4 Bh6 6. Nf3 e6 7. c3 d5 8. e5 c5 9. Nbd2 Qb6 10. Qb3 Nc6 11. Qxb6 axb6 12. e4 Bxd2+ 13. Kxd2 dxe4 14. Ng5 cxd4 15. Nxe4 dxc3+ 16. Kxc3 Nxe5 17. a4 Ke7 18. b3 Rd8 19. Be2 Bd7 20. Nd2 Bc6 21. Nf3 Bxf3 22. gxf3 Rac8+ 23. Kb4 Rd2 24. Bc4 Nxc4 25. bxc4 Rcd8 26. Ra3 R8d3 27. Rxd3 Rxd3 28. f4 Rf3 29. Rb1 Rxf4 30. Rb3 e5 31. Kb5 Rf6 32. h3 Re6 33. c5 bxc5 34. Kxc5 e4 35. Rxb7+ Kf6 36. Rb2 e3 37. Re2 Kf5 38. a5 Kf4 39. Kd4 Kf3 40. Ra2 e2 41. Ra3+ Kf4 42. Ra1 e1Q 43. Rxe1 Rxe1 44. Kc5 Ra1 45. Kb6 Kg3 46. a6 f5 47. a7 f4 48. Kb7 f3 0-1

[Event "Barcelona Sant Marti op-B 17th"]
[Site "Barcelona"]
[Date "2015.07.21"]
[Round "9"]
[White "Olleta Tanya, Jordi"]
[Black "Garcia Gil, Jose Antonio"]
[Result "0-1"]
[WhiteElo "1720"]
[BlackElo "1852"]
[PlyCount "108"]
[EventDate "2015.07.13"]
[EventType "swiss"]
[EventRounds "9"]
[EventCountry "ESP"]
[SourceTitle "EXT 2016"]
[Source "ChessBase"]
[SourceDate "2015.10.08"]
[SourceVersion "1"]
[SourceVersionDate "2015.10.08"]
[SourceQuality "1"]

1. Nf3 Nf6 2. g3 c6 3. Bg2 d5 4. d4 Bg4 5. 0-0 h6 6. Ne5 Bf5 7. Nd2 Nbd7 8. Nxd7 Qxd7 9. Nf3 e6 10. Nh4 Bh7 11. Bh3 g5 12. Nf3 Qc7 13. Ne5 Rg8 14. e3 h5 15. f3 Bd6 16. f4 g4 17. Bg2 Ne4 18. Nd3 f5 19. Nf2 Nxf2 20. Rxf2 Qe7 21. Bf1 h4 22. Bd3 0-0-0 23. Kf1 Bg6 24. Ke2 hxg3 25. hxg3 Rh8 26. Bd2 Rh3 27. Rg2 Rdh8 28. Qg1 R8h6 29. Qf2 Qh7 30. Rag1 Kc7 31. c4 c5 32. Bc3 Rh1 33. a3 R6h2 34. Rxh2 Rxh2 35. Rg2 Rxg2 36. Qxg2 Qh3 37. Kf2 Qxg2+ 38. Kxg2 a6 39. b4 cxb4 40. axb4 Kc6 41. c5 Bc7 42. Kf2 Be8 43. Ke1 Bd7 44. Kd2 Bc8 45. Kc2 b6 46. cxb6 Bxb6 47. Kb3 Kb7 48. b5 Ka7 49. bxa6 Bxa6 50. Bxa6 Kxa6 51. Ka4 Bc7 52. Bb4 Bd8 53. Bc5 Bh4 54. Bb4 Bxg3 0-1

[Event "Barcelona Sant Marti op-B 17th"]
[Site "Barcelona"]
[Date "2015.07.18"]
[Round "6"]
[White "Khudov, Oleksandr"]
[Black "Garcia Gil, Jose Antonio"]
[Result "1/2-1/2"]
[WhiteElo "1528"]
[BlackElo "1852"]
[PlyCount "135"]
[EventDate "2015.07.13"]
[EventType "swiss"]
[EventRounds "9"]
[EventCountry "ESP"]
[SourceTitle "EXT 2016"]
[Source "ChessBase"]
[SourceDate "2015.10.08"]
[SourceVersion "1"]
[SourceVersionDate "2015.10.08"]
[SourceQuality "1"]

1. c4 e5 2. Nc3 c5 3. d3 Nf6 4. Nf3 d6 5. g3 Nc6 6. Bg2 Be7 7. 0-0 h6 8. e3 Be6 9. b3 Qd7 10. Re1 Bh3 11. Bh1 Bg4 12. Qd2 Rd8 13. Bb2 h5 14. Nd5 Nxd5 15. cxd5 Nb4 16. Qc3 Na6 17. d4 cxd4 18. exd4 Rc8 19. Qd2 0-0 20. dxe5 Bxf3 21. Bxf3 Qf5 22. exd6 Rc2 23. Qe3 Bxd6 24. Be4 Qc8 25. Bxc2 Qxc2 26. Qd4 f6 27. Rac1 Qf5 28. Qxa7 Nb4 29. Qxb7 Nd3 30. Qb6 h4 31. f4 Qxd5 32. Qd4 Qf3 33. Qe3 Qxe3+ 34. Rxe3 Nxc1 35. Bxc1 Bc5 36. Kf2 h3 37. b4 Bxe3+ 38. Kxe3 Rc8 39. Kd2 Kf7 40. a4 Ke6 41. Bb2 Kd5 42. Kd3 Rc4 43. Bc3 Rc7 44. a5 Kc6 45. Bd4 Kb5 46. Bc5 Rd7+ 47. Ke2 g5 48. fxg5 fxg5 49. g4 Rf7 50. Bd6 Rd7 51. Bc5 Rf7 52. Bd6 Rf6 53. Bc5 Rf4 54. Ke3 Rxg4 55. Kf3 Rg2 56. Bd6 g4+ 57. Ke3 Ra2 58. Ke4 Rf2 59. Ke3 Rc2 60. Ke4 Rc4+ 61. Kf5 Rd4 62. Bc5 Rc4 63. Bd6 Rc6 64. Bf4 Kxb4 65. Kxg4 Kxa5 66. Kxh3 Rc2 67. Kg4 Rxh2 68. Bxh2 1/2-1/2

[Event "Foment Martinenc op-C 17th"]
[Site "Barcelona"]
[Date "2015.04.25"]
[Round "1"]
[White "Moya Nunez, Pau Salvador"]
[Black "Garcia Gil, Jose Antonio"]
[Result "0-1"]
[WhiteElo "1727"]
[BlackElo "1833"]
[PlyCount "170"]
[EventDate "2015.04.25"]
[EventType "swiss"]
[EventRounds "9"]
[EventCountry "ESP"]
[SourceTitle "EXT 2017"]
[Source "ChessBase"]
[SourceDate "2016.10.25"]
[SourceVersion "1"]
[SourceVersionDate "2016.10.25"]
[SourceQuality "1"]

1. e4 e5 2. Nc3 Nc6 3. g3 Nf6 4. Bg2 Bc5 5. Nge2 d6 6. 0-0 Bg4 7. h3 Bh5 8. d3 h6 9. Kh2 g5 10. Na4 Nd4 11. g4 Bg6 12. Ng3 Qd7 13. Nxc5 dxc5 14. Be3 Ne6 15. Qd2 b6 16. Qc3 Nd4 17. Bxd4 Qxd4 18. Qxd4 cxd4 19. Nf5 Bxf5 20. exf5 0-0-0 21. Rfe1 Rhe8 22. Re2 h5 23. Bc6 Rh8 24. gxh5 Rxh5 25. Rg1 g4 26. Rg3 Rdh8 27. Rxe5 Rxh3+ 28. Rxh3 gxh3 29. Bf3 Kd7 30. Re1 Kd6 31. Rg1 Ke5 32. Rg3 Kxf5 33. Rxh3 Rxh3+ 34. Kxh3 Kf4 35. Kg2 Nd7 36. Bd5 Ne5 37. Bb3 f6 38. Bd5 c6 39. Bb3 Ng6 40. Bf7 Nh4+ 41. Kf1 c5 42. Ke2 b5 43. Bb3 Nf5 44. a3 Nd6 45. Ba2 c4 46. b3 c3 47. b4 Nb7 48. Bd5 Nd6 49. Bb3 Kg4 50. Ba2 f5 51. Be6 Kf4 52. Bd5 Ke5 53. Bb3 f4 54. Ba2 Nb7 55. f3 a5 56. Bb3 axb4 57. axb4 Nd6 58. Kf2 Nf5 59. Ke2 Ne7 60. Bf7 Nc6 61. Be8 Nxb4 62. Kd1 Kf5 63. Bxb5 Kg5 64. Bd7 Kh4 65. Bf5 Kg3 66. Be4 Kf2 67. Bb7 Ke3 68. Be4 Na6 69. Bd5 Nc7 70. Be4 Ne6 71. Bd5 Ng5 72. Be4 Nxf3 73. Bd5 Nd2 74. Ke1 f3 75. Kd1 f2 76. Bg2 f1Q+ 77. Bxf1 Nxf1 78. Ke1 Ng3 79. Kd1 Kf2 80. Kc1 Ke1 81. Kb1 Kd1 82. Ka2 Kxc2 83. Ka1 Kd2 84. Kb1 c2+ 85. Kb2 c1Q+ 0-1

[Event "Catalunya-ch"]
[Site "Barcelona"]
[Date "2007.04.09"]
[Round "9"]
[White "Garcia Gil, Jose Antonio"]
[Black "Palau Pons, Luis"]
[Result "0-1"]
[WhiteElo "1811"]
[BlackElo "1984"]
[PlyCount "80"]
[EventDate "2007.04.01"]
[EventType "swiss"]
[EventRounds "9"]
[EventCountry "ESP"]
[SourceTitle "CBM 117 Extra"]
[Source "ChessBase"]
[SourceDate "2007.05.09"]
[SourceVersion "1"]
[SourceVersionDate "2007.05.09"]
[SourceQuality "1"]

1. d4 d5 2. Nf3 c6 3. e3 Bg4 4. Bd3 Nd7 5. Nbd2 e5 6. e4 dxe4 7. Nxe4 f5 8. Ng3 e4 9. Qe2 Qe7 10. h3 Bxf3 11. gxf3 exd3 12. Qxe7+ Nxe7 13. c3 g6 14. Be3 Nd5 15. f4 Bh6 16. 0-0-0 Bxf4 17. Rxd3 Bxg3 18. fxg3 Nxe3 19. Rxe3+ Kf7 20. Rf1 Rae8 21. Ref3 Kg7 22. g4 Rhf8 23. g5 Re4 24. Kc2 Rfe8 25. Rd1 Nb6 26. Kb3 Re3 27. Rd3 Rxf3 28. Rxf3 Nd5 29. Rf2 Re3 30. a4 Rxh3 31. Kc4 b6 32. a5 h6 33. gxh6+ Kxh6 34. Re2 Re3 35. Rxe3 Nxe3+ 36. Kd3 Nd5 37. axb6 axb6 38. c4 Nc7 39. b4 Kg7 40. Ke3 Kf6 0-1

[Event "Catalunya-ch"]
[Site "Barcelona"]
[Date "2007.04.01"]
[Round "1"]
[White "Vives Cabau, Jordi"]
[Black "Garcia Gil, Jose Antonio"]
[Result "1-0"]
[WhiteElo "2056"]
[BlackElo "1811"]
[PlyCount "73"]
[EventDate "2007.04.01"]
[EventType "swiss"]
[EventRounds "9"]
[EventCountry "ESP"]
[SourceTitle "CBM 117 Extra"]
[Source "ChessBase"]
[SourceDate "2007.05.09"]
[SourceVersion "1"]
[SourceVersionDate "2007.05.09"]
[SourceQuality "1"]

1. f4 c6 2. b3 Nf6 3. Nf3 d6 4. Bb2 Bg4 5. e3 Nbd7 6. h3 Bxf3 7. Qxf3 Qc7 8. Nc3 e5 9. d4 Qa5 10. 0-0-0 0-0-0 11. g4 h6 12. g5 Ne8 13. d5 c5 14. h4 hxg5 15. hxg5 Rxh1 16. Qxh1 f6 17. Bh3 exf4 18. Bxd7+ Rxd7 19. Qh8 Rf7 20. g6 Re7 21. exf4 Qb4 22. Qxf8 Qxf4+ 23. Kb1 Kd7 24. Qh8 Qg5 25. Qh1 Qxg6 26. Qh4 Qg2 27. Qa4+ Kc8 28. Qxa7 Nc7 29. a4 Re3 30. Nb5 Nxb5 31. axb5 Qe2 32. Rh1 Re8 33. b6 Qa6 34. Rg1 Re7 35. Bc3 Re2 36. Rxg7 Rxc2 37. Rc7+ 1-0